Datum a čas kvízu
34.5
Celkem bodů
Celkový počet nahraných bodů na tomto kvízu bez doplňovacích otázek.
3.
Pořadí na kvízu
Konečné umístění týmu na tomto kvízu.
Zaznamenané odpovědi
| # | Otázka | Odpověď | Body | Výsledky |
|---|---|---|---|---|
| 1. | Do aplikace eRecept přibyla od... | ověření dostupnosti předepsaného léku | 1 | |
| 2. | V nejmenované zemi se odehrála... | v Indonésii | 0 | |
| 3. | Ve kterém městě začal minulý t... | ve Zlíně | 1 | |
| 4. | Kvůli nařízení Evropské unie t... | Alfa Romeo | 1 | |
| 5. | Minulý týden se dostala do méd... | David Limberský | 1 | |
| 6. | Kterým výrazem na písmeno M se... | mixologie | 0 | |
| 7. | Ernest Hemingway měl údajně v... | Daiquiri | 1 | |
| 8. | Oblíbenou složkou míchaných ná... | z pomerančů | 1 | |
| 9. | Ve filmu Někdo to rád horké se... | Manhattan | 0 | |
| 10. | V poslední otázce se podíváme... | vaječný likér; griotku | 1 |